01080nam a22002657a 450000500170000001000130001702000110003003500130004103700160005404000120007008200220008210000530010424501590015724601140031626000560043027000390048630000210052565000250054665000240057165000210059565000160061694200310063299900190066395201320068220170123162351.0 aB-077892 c280.00 aB-077892 bCen Lib/Ret aDPLbUR a270.64bق ا س  aقاسمی، مجاہد السلآم 9113183 a: مبا حت فقھیتہcمجاہد السلآم قاسمیb/اصول فقہ کے چند اہم مسائل پر معاصرتحقیقی احثیی aMubahis-e- faqihiya: asool-e- fqh ke chnd ahem msail pr ma-asir-e tehqeeqi behse /bby Mujahid Ai-islam Qasmi aنی دہلی bالامک فقہ اکدمے c2002 aجامعہ نگر bنی دہلی  a469p.c22cm(pbk) a مذہبv 9140138 a اسلام9140139 aReligion9140140 aIslam95289 2ddccURh270.64mق ا س  c109225d109225 00104070aLbLd2016-02-26eCen Lib/Refg280.00l0o270.64 ق ا سpB-077892r2016-02-26 00:00:00t1v280.00w2016-02-26yUR